000 nam a22 a 4500
999 _c127440
_d127440
003 BLK
005 20201013133110.0
008 180409b bul|||||r ||||||| ||bul||
010 _aKNG00133142000
040 _aBLK
041 _aBUL
_cBUL
072 7 _2bullib
_aЦ
_xРедки и ценни
080 _aЕлектрофизиология. Действие на електричеството - Електрически явления в организма. Биопотенциали. Биотокове. Въздействие на статичното, атмосферното и динамичното електричество, на магнетизма.
_b612.014.42
_z612.014.42
100 1 _aБине, Алфред
_eпърви автор
_939137
139 _aБине, Алфред и др.
_bБ 44
245 1 0 _aЖивотен магнетизъм в человека
_cАлфред Бине; съавт. Шарл Фере; прев. от фр. К. Б.; * Кирил Димитров Бербенко; * A. Binet; * Ch. Fere.
257 _aFRA
260 _c1896
_fСофия : печ. Напредък
_aСофия
300 _aVII, 336 с.
_bс диагр.
_c24 см
380 _a61
490 _9435080
_aКолекция Редки и ценни издания
500 _aПълното име на прев. Кирил Димитров Бербенко. - В кн. авт. означен A. Binet и Ch. Fere. - Библиогр. под линия.
650 4 _aМагнетизъм - същност и влияние върху здравето на човека
_9306910
650 4 _aЕлектрофизиология
_9154814
653 _aмагнетизъм
653 _aхипноза
653 _aелектрофизиология
659 _aЦ
700 1 _aФере, Шарл
_eсъавт.
_9320690
700 1 _aК. Б.
_eпрев. от фр.
_gБербенко, Кирил Димитров
_9320691
700 1 _aБербенко, Кирил Димитров
_e*
_9377775
700 1 _aBinet, A.
_e*
_9320692
700 1 _aFere, Ch.
_e*
_99914
852 _aРб 896
_bРц
856 4 _qpdf
856 4 _qpdf
942 _cKNG
_n0
_s1
944 _aCR
_c24.08.2012
_lф / 24.08.2012
_kЛюдмила_Стоянова
944 _aED
_c20.11.2013
_lф / 24.08.2012
999 _d127440